An army commander's red diary / (Record no. 551580)

000 -LEADER
fixed length control field 00370cam a2200121 a 4500
082 00 - DEWEY DECIMAL CLASSIFICATION NUMBER
Classification number 355.1
Author Mark BHA
-- L-30-II, P-146
100 1# - MAIN ENTRY--PERSONAL NAME
Personal name Bhagat, P. S.
9 (RLIN) 48726
245 13 - TITLE STATEMENT
Title An army commander's red diary /
Statement of responsibility, etc. P.S. Bhagat.
260 ## - PUBLICATION, DISTRIBUTION, ETC.
Place of publication, distribution, etc. New Delhi :
Name of publisher, distributor, etc. Lancer International,
Date of publication, distribution, etc. 1986.
300 ## - PHYSICAL DESCRIPTION
Extent 99 p. :
Other physical details ill. ;
Dimensions 25 cm.
526 ## - STUDY PROGRAM INFORMATION NOTE
Program name 0
Interest level 0
Reading level 0
Title point value 355_100000000000000_BHA
942 ## - ADDED ENTRY ELEMENTS (KOHA)
Source of classification or shelving scheme
Koha item type Book
Holdings
Withdrawn status Lost status Source of classification or shelving scheme Damaged status Not for loan Permanent Location Current Location Date acquired Total Checkouts Full call number Barcode Date last seen Price effective from Koha item type
          Military College of Engineering (MCE) Military College of Engineering (MCE) 12/18/2014   355.1 BHA MCE-22212 12/18/2014 12/18/2014 Book
© 2023 Central Library, National University of Sciences and Technology. All Rights Reserved.